Koridor raya multimedia : perjalanan ke arah kecemerlangan di institusi pengajian tinggi

Bibliographic Details
Main Author: NORSAIDATUL Akmar Mazelan
Other Authors: Harnevie, Valida, Zol Azlan Hamidin
Format: Book
Published: Kuala Lumpur : Institut Terjemahan Negara Malaysia , 2003
Subjects:

MARC

LEADER 00000cam a2200000 7i4500
001 0000002505
005 20030711.0
020 0 0 |a 9676113689 
090 0 0 |a 384.309595   |b NOR 2003 
100 0 0 |a NORSAIDATUL Akmar Mazelan 
245 1 0 |a Koridor raya multimedia :   |b perjalanan ke arah kecemerlangan di institusi pengajian tinggi   |c Norsaidatul Akmar Mazelan, Martin Harnevie, Abelardom,V. Valida; penterjemah, Zol Azlan Hamidin 
260 0 0 |a Kuala Lumpur :   |b Institut Terjemahan Negara Malaysia ,   |c 2003 
300 |a xxi, 152 p. :   |b ill. ;   |c 25 cm. 
500 0 0 |a Includes bibliography : p. 138-147 and index 
650 0 0 |a Computer-assisted instruction   |x Study and teaching (Higher)   |z Malaysia 
650 0 0 |a Digital communications   |z Malaysia 
650 0 0 |a Interactive multimedia   |z Malaysia 
650 0 0 |a Multimedia Super Corridor 
700 0 1 |a Harnevie   |h Martin 
700 0 1 |a Valida   |h Abelardo C. 
700 0 1 |a Zol Azlan Hamidin 
998 |a JPSM 
999 |a 0000004670   |b Monograph   |c Open Shelf   |e Default branch 
999 |a 0000004953   |b Monograph   |c Open Shelf   |e Default branch